| Поле | Название | Значение |
| |
Тип записи |
a |
| |
Библиографический уровень |
m |
| 001 |
Контрольный номер |
RU/IS/BASE/374949393 |
| 005 |
Дата корректировки |
20201007105441.7 |
| 010 |
Индекс ISBN |
__ |
| a |
ISBN |
985-06-0414-Х |
| 101 |
Язык документа |
0_ |
| a |
Язык текста |
rus |
| 200 |
Заглавие и сведения об ответственности |
1_ |
| a |
Заглавие |
Рак молочной железы |
| e |
Сведения, относящиеся к заглавию |
Пособие для студентов мед. ин-тов |
| f |
Первые сведения об ответственности |
Л. А. Путырский |
| 210 |
Выходные данные |
1_ |
| a |
Место издания |
Минск |
| c |
Издательство |
Вышэйшая шк. |
| d |
Дата издания |
1998 |
| 215 |
Физическое описание |
__ |
| a |
Объем |
95 с., [2] л. цв. ил. |
| c |
Иллюстрации/тип воспроизводства |
ил. |
| 300 |
Общие примечания |
__ |
| a |
Общие примечания |
На 4-й с. обл. авт.: Л. А. Путырский, д.м.н., чл.-кор. Междунар. слав. акад. и Акад. мед. наук Беларуси |
| 318 |
Примечание о действии |
__ |
| a |
Действие |
п |
| 606 |
Тематические рубрики |
__ |
| a |
Основная рубрика |
Медицина |
| 610 |
Ключевые слова |
0_ |
| a |
Ключевые слова |
рак молочной железы |
| 686 |
Индексы других классификаций |
__ |
| a |
Индекс ББК |
55.6 |
| 700 |
Автор |
_1 |
| a |
Фамилия |
Путырский |
| b |
Имя |
Л. А. |
| 801 |
Источник записи |
_0 |
| a |
Страна |
RU |
| b |
Организация |
Центральная районная библиотека им. Г. А. Пирожникова |
| 801 |
Источник записи |
_1 |
| a |
Страна |
RU |
| b |
Организация |
Центральная районная библиотека им. Г. А. Пирожникова |
| 852 |
Данные о местонахождении |
__ |
| j |
Шифр хранения |
55.6 |
| b |
Сигла хранения |
ООЧ; 8; 14; 26 |
| i |
Авторский знак |
П 903 |
| 901 |
Тип документа |
__ |
| t |
Тип документа |
m |
| 991 |
Признак экспресс-каталогизации |
__ |
| a |
Признак экспресс-каталогизации |
express.Acquisition |